Quizzes
Events
Quiz Creation
Community
Videos
Private Events
Remove Ads
Sign In
Join for FREE
Feedback
Dark Mode
Quiz Categories
Sports
Geography
Music
Movies
Television
Just For Fun
Miscellaneous
History
Literature
Language
Science
Gaming
Entertainment
Religion
Holiday
For Kids
Quiz Lab
Recent
Popular Today
Quiz Kudos Today
Editor Picks
Curator Picks
Quizzes by...
Day
Popularity
Type
Ratings
Length
Year
Community
Subscriptions
Recent Discussions
Orange Saloon
Badges
Playlists
Quests
Create
Leaderboards
Showdown
Live 5
Trivia Bingo
Activity
Puzzle Library
Sporcle Events
Private Events
Virtual Trivia
Globe League
Become a Host
Pub Owners
SporcleCon
Opinionation
Our Games
Videos
Blog
Mobile Apps
Partnerships
Remove Ads and Go Orange
Feedback
Movies
Disney
Marvel Cinematic Universe
Movie Resume
Movie Titles
Oscar
Actor
Actress
Director
Pixar
Role
Movie Quotes
Movie Characters
Box Office
Nominee
Best Picture
Star Wars
James Bond
Horror Movies
Movies
Disney
Marvel Cinematic Universe
Movie Resume
Movie Titles
Oscar
Actor
Actress
Director
Pixar
Role
Movie Quotes
Movie Characters
Box Office
Nominee
Best Picture
Star Wars
James Bond
Horror Movies
Random Quiz
Search Sporcle
×
Curator Pick
Curator Pick
Movies
Bible
Type in answers that appear in a list
Type in answers that appear in a list
Classic
Best Score? Go Orange.
Jules quote from the Bible Stats
Can you name the Entire Jules Quote from the Bible in Pulp Fiction (Ezekiel 25:17)?
By
mohner1
10m
95 Questions
590 Plays
590 Plays
590 Plays
Comments
Comments
Give Quiz Kudos
Give Quiz Kudos
-
- Ratings
hide this ad
Replay
Link that replays current quiz
Next Quiz
Link to next quiz in quiz playlist
You Got
0%
They Got
Avg Score
86%
Avg Friend Score
Upgrade to see
Score Distribution
Jump to the score distribution portion of the page
Score
0/95
Timer
10:00
0
Plays Today
% Correct
The
99.7%
the
99.7%
the
99.7%
the
99.7%
and
99.7%
the
99.7%
the
99.7%
and
99.7%
the
99.7%
the
99.7%
and
99.7%
the
99.7%
And
99.7%
and
99.7%
and
99.7%
And
99.7%
the
99.7%
I
98.1%
I
98.1%
is
95.9%
is
95.9%
is
95.9%
is
95.9%
of
95.4%
of
95.4%
of
95.4%
of
95.4%
of
95.4%
of
95.4%
man
93.9%
will,
92.9%
will
92.9%
% Correct
will
92.9%
path
92.5%
righteous
91.5%
Lord
91.5%
My
90%
My
90%
my
90%
upon
89.3%
upon
89.3%
on
88.8%
name
88.6%
name
88.6%
thee
87.3%
thee.
87.3%
with
86.9%
you
86.9%
in
86.8%
who,
86.4%
who
86.4%
know
86.1%
all
85.8%
beset
85.4%
vengeance
85.4%
when
85.4%
vengeance
85.4%
he
84.9%
he
84.9%
strike
84.7%
down
84.7%
anger
84.2%
by
83.9%
evil
83.9%
% Correct
great
83.6%
sides
83.1%
brother's
82.5%
furious
82.5%
brothers.
82.5%
lay
81.9%
those
81.4%
men.
81.2%
to
80.3%
for
78.3%
keeper
78.3%
his
78.1%
tyranny
76.9%
Blessed
76.3%
good
76.3%
truly
75.4%
valley
74.6%
attempt
74.6%
destroy
73.4%
poison
72.7%
weak
72.5%
lost
70.7%
darkness,
70.3%
through
69.2%
finder
67.6%
children.
67.5%
charity
66.6%
shepherds
65.3%
selfish
56.9%
would
39.7%
iniquities
38.3%
Quiz Playlist
Details
Report
Send in Message
Add To Playlist
Classic:
Type in answers that appear in a list
Last Updated: Feb 16, 2017
Curator Pick in
Bible
Quiz Scoreboard
CHALLENGE
Sign Up to Join the Scoreboard
Show All
Scores
Hide
Comments
May contain spoilers
Recently Published
An Introduction to Baseball
by treessimontrees
Sports
5m
Movies - When Are They Set?
by FPL_Elf
Movies
5m
Popular People in 1961
by mucciniale
History
6m
More to Explore
Quiz From the Vault
Featured Blog Post
Where Did the Easter Bunny Come From?
hide this ad
You Might Also Like...
Tags
Bible Quiz
Quote Quiz
entire
fiction
jule
pulp
Pulp Fiction
Today's Top Quizzes in Movies
Browse Movies
hide this ad
Today's Top Quizzes in Bible
Browse Bible
Top Contributed Quizzes in Movies
1
Pick 5 Posters: Directed by Spielberg
2
Multi-Oscar Nominations, One Movie, One Winner
3
12 Movies about Fictional 1960s Events
4
One Thing in Common: Movies
5
Sunday Crossword: Film Score Composers
6
One Thing in Common: Movies II
7
Pick 5 Posters: Lowest-Rated Spielberg
8
Three Word 'H' Movies Match Up
9
Three Word 'T' Movies Match Up
10
7-to-1: Pixar Characters
Explore More
Trending Topics
NBA
Disney
Harry Potter
Anime
Marvel
Kpop
Crossword
WWE
The Office
Pokémon
Soccer
Country
Song
Puzzle
NFL
hide this ad
More By:
mohner1
Quiz
Plays
Rating
Category
Featured
Created
Jules quote from the Bible
590
4.67
Movies
Mar 10, 2011
Ace Ventura - Ray Finkle Biography
490
4.00
Movies
Mar 4, 2011
Highest Grossing Movies (Inflation)
312
3.60
Movies
Feb 11, 2010
Pro Athletes in movies
227
Entertainment
Jan 29, 2010
Bowling Movies
167
2.50
Entertainment
May 7, 2010
Go to Creator's Profile
Score Distribution
Quiz Creator Spotlight
mohner1
Follow
Send a Message
Quizzes Created
-
Created Quiz Play Count
-
More By This Creator
Popular Quizzes Today
1
Find the Countries of Europe - No Outlines Minefield
2
Find the US States - No Outlines Minefield
3
The Countries of the World
4
Popular People in 1961
5
US States
6
1-10 Letter E Words III
7
Find the US States
8
Risky Map Clicking: Biggest States A-Z
More Movies Quizzes
Cars & Films 6
Curator's Pick
Trending Quizzes
Risky Map Clicking: Least Populous States A-Z
1-10 Letter F Words
1-10 Letter G Words
One Thing in Common: United Kingdom
Risky Map Clicking: Next State Alphabetically
Recently Updated
Leaping Animals
pecheneg
Reality TV Shows (A-Z)
bhenderson79
Rickey Henderson's Hall of Fame Teammates
pecheneg
Champions League XIs: Arsenal
pecheneg
Quick Pick: Celebrities in WWE's Hall of Fame
aduchscher
A-Z Keypad Blitz II
pecheneg
Multiple Oscar Actors
pecheneg
Mystery Phrase Blitz: Oscar 'Best Actors'
pecheneg
F. Scott Fitzgerald Novels
LTH
Pick 3 Villains
ddd62291
Trending Topics
Kpop
NBA
Disney
Anime
Crossword
Marvel
Harry Potter
Country
Soccer
Pokémon
WWE
Puzzle
The Office
Song
NFL
Your Account Isn't Verified!
In order to create a playlist on Sporcle, you need to verify the email address you used during registration. Go to your
Sporcle Settings
to finish the process.
Report this User
Report this user for behavior that violates our
Community Guidelines
.
Details:
Send Report
Go to the Sporcle.com Mobile Site →
Comments